Japan: its history and culture
Guardat en:
| Autor principal: | |
|---|---|
| Format: | Llibre |
| Idioma: | anglès |
| Publicat: |
Nueva York
McGraw Hill
1994
|
| Edició: | 3a. ed |
| Matèries: | |
| Etiquetes: |
Afegir etiqueta
Sense etiquetes, Sigues el primer a etiquetar aquest registre!
|
MARC
| LEADER | 00000nam a2200000 a 4500 | ||
|---|---|---|---|
| 001 | UCS8952 | ||
| 003 | CL-VaPUC | ||
| 008 | 971113e19940000US |||||||||||||||||eng|d | ||
| 082 | 0 | 4 | |a 952 |b MOR |2 21 |
| 100 | 0 | |a Morton, W. Scott |e author |9 393700 | |
| 245 | 1 | 0 | |a Japan: its history and culture |
| 250 | |a 3a. ed | ||
| 300 | |a 311 p | ||
| 942 | |c BK | ||
| 945 | |d 19971113 00:00:00 |a jquezada | ||
| 260 | |a Nueva York |b McGraw Hill |c 1994 | ||
| 650 | 0 | |a Historia |9 255047 | |
| 650 | 0 | |a Civilización |9 255823 | |
| 650 | 0 | |a Cultura |9 269059 | |
| 650 | 7 | |a INFLUENCIA CULTURAL |2 CL-VaPUC |9 393701 | |
| 650 | 7 | |a MILITARISMO |2 CL-VaPUC |9 321522 | |
| 650 | 7 | |a EXPANSION TERRITORIAL |2 CL-VaPUC |9 393702 | |
| 650 | 0 | |a Desarrollo económico |9 259599 | |
| 651 | 0 | |a Japón |9 260391 | |
| 651 | 0 | |a China |9 257545 | |
| 583 | |a last modification |c 19971113 00:00:00 |k Rodrigo Vera | ||
| 999 | |c 263035 |d 263033 | ||
| 952 | |0 0 |1 0 |4 0 |6 952_000000000000000_MOR_1994 |7 0 |8 A |9 292115 |a BIBGIM |b BIBGIM |d 2019-11-19 |i 336433K |o 952 MOR 1994 |p 336433K |r 2025-01-15 |w 2019-11-19 |y BK |k ORI | ||